Anything but Russia Quiz Stats

 Plays Quiz Updated Feb 1, 2014

Support Sporcle.
Go Orange.
Score 0/32 Timer 06:00
0 Plays Today
Category Country % Correct
Border at least 8 CountriesChina
96.5%
Take up at least two percent of the World's land areaChina
96.5%
Take up at least two percent of the World's land areaUnited States
93.1%
Take up at least two percent of the World's land areaCanada
91.7%
Take up at least two percent of the World's land areaBrazil
90.2%
Border at least 8 CountriesBrazil
90.1%
Border at least 8 CountriesFrance
89.2%
Have a plain three striped red, blue and white flagFrance
88.8%
Are European countries formerly part of the USSRUkraine
88.5%
Take up at least two percent of the World's land areaIndia
85.2%
Start with 'R'Rwanda
84.7%
Are European countries formerly part of the USSRLatvia
84.1%
Are European countries formerly part of the USSRLithuania
82.5%
Are European countries formerly part of the USSREstonia
82.5%
Take up at least two percent of the World's land areaAustralia
82.2%
Border at least 8 CountriesGermany
81.9%
Category Country % Correct
Start with 'R'Romania
81.4%
Are European countries formerly part of the USSRBelarus
80.5%
End in -siaMalaysia
70.5%
End in -siaIndonesia
67.6%
Are European countries formerly part of the USSRMoldova
65.6%
Border at least 8 CountriesDem. Rep. Congo
56.4%
Have a plain three striped red, blue and white flagNetherlands
56.2%
Border at least 8 CountriesAustria
52.7%
End in -siaTunisia
47.6%
Border at least 8 CountriesTurkey
47.4%
Start with 'R'Republic of the Congo
46.4%
Border at least 8 CountriesSerbia
43%
End in -siaMicronesia
38.4%
Have a plain three striped red, blue and white flagLuxembourg
37.7%
Border at least 8 CountriesZambia
22.7%
Border at least 8 CountriesTanzania
20.5%

You're not logged in!

Compare scores with friends on all Sporcle quizzes.
OR
Log In
Forgot?

From the Vault

Populous Countries by Continent Minefield

by nsxdarin

Remember this kids, It's important to know your geography cause otherwise...well, you just kinda explode.
Remove Ads.
Support Sporcle.
Get the best of Sporcle when you Go Orange. This ad-free experience offers more features, more stats, and more fun while also helping to support Sporcle. Thank you for becoming a member.

Show Comments

Extras

Top Quizzes Today


Score Distribution

Your Account Isn't Verified!

In order to create a playlist on Sporcle, you need to verify the email address you used during registration. Go to your Sporcle Settings to finish the process.

Report this User

Report this user for behavior that violates our Community Guidelines.

Details: